Tạp chí Khoa học 04/2005 = Scientific journal of Can Tho university

Đã lưu trong:
書目詳細資料
格式: 圖書
語言:Undetermined
出版: Cần Thơ Trường Đại học Cần Thơ
主題:
標簽: 添加標簽
沒有標簽, 成為第一個標記此記錄!
Thư viện lưu trữ: Trung tâm Học liệu Trường Đại học Cần Thơ
LEADER 00528nam a2200157Ia 4500
001 CTU_137731
008 210402s9999 xx 000 0 und d
082 |a 605 
082 |b Tr561 
245 0 |a Tạp chí Khoa học 04/2005 = Scientific journal of Can Tho university 
245 0 |c Trường Đại học Cần Thơ 
260 |a Cần Thơ 
260 |b Trường Đại học Cần Thơ 
650 |a Journalism, scientific 
904 |i Hạ Nguyên 
980 |a Trung tâm Học liệu Trường Đại học Cần Thơ